00433nam a2200133Ia 4500008004100000082001500041100002000056245003700076260003100113300000900144942001200153999001900165952011500184210430s9999 xx 000 0 und d a530H1571 F aHalliday919457 aFundametals OF PhysicscHalliday aNew Yorkbjohn wileyc2003 a504p cBK2ddc c565978d565978 00104070aSCMEbSCMEcCARTd0000-00-00l1m3o530H1571 FpSCME- D219r2022-03-30s2022-01-12w2021-04-30yBK